Euros 2024 Slovenia Squad - Statistics

General Stats
  • This quiz has been taken 31 times
  • The average score is 4 of 30
Answer Stats
Pos Club Answer % Correct
GK Atletico Jan Oblak
100%
FW Leipzig Benjamin Sesko
88%
FW Maribor Josip Ilicic
28%
DF Udinese Jaka Bijol
20%
MF Udinese Sandi Lovric
20%
FW Panathinaikos Andraz Sporar
16%
MF Panathinaikos Benjamin Verbic
16%
GK APOEL Vid Belec
16%
MF Panathinaikos Adam Cerin
12%
MF Sudtirol Jasmin Kurtic
12%
MF Fenerbahce Miha Zajc
12%
DF Sampdoria Petar Stojanovic
12%
DF Gornik Zabrze Erik Janza
8%
FW Pisa Jan Mlakar
8%
MF Ol. Ljubljana Jon Stankovic
8%
FW Pogon Luka Zahovic
8%
DF Lech Poznan Miha Blazic
8%
FW Lugano Zan Celar
8%
DF Celje Zan Karnicnik
8%
DF Orlando City David Brekalo
4%
MF Bodo/Glimt Nino Zugelj
4%
MF Sturm Graz Tomi Horvath
4%
MF Spartak Trnava Adrian Zeljkovic
0%
GK Velje Boldklub Igor Vekic
0%
DF Alanyaspor Jure Balkovec
0%
GK Ol. Ljubljana Matevz Vidovsek
0%
MF Sturm Graz Timi Elsnik
0%
DF FC Sochi Vanja Drkusic
0%
FW Bordeaux Zan Vitopnik
0%
DF Viborg FF Zan Zaletel
0%
No matching quizzes found
Score Distribution
Percent of People with Each Score
Percentile by Number Answered
Your Score History
You have not taken this quiz